[Event "American op 44th"]
[Site "Los Angeles"]
[Date "2008.11.28"]
[Round "3"]
[White "Casella, Michael"]
[Black "Paulsen, Bryan S"]
[Result "1-0"]
[WhiteElo "2290"]
[BlackElo "2136"]
[PlyCount "110"]
[EventDate "2008.11.27"]
[EventType "swiss"]
[EventRounds "8"]
[EventCountry "USA"]
[SourceTitle "EXT 2024"]
[Source "ChessBase"]
[SourceDate "2023.10.10"]
[SourceVersion "1"]
[SourceVersionDate "2023.10.10"]
[SourceQuality "1"]

1. e4 e6 2. d4 d5 3. Nc3 Bb4 4. e5 Ne7 5. a3 Bxc3+ 6. bxc3 b6 7. Qg4 Ng6 8. h4 h5 9. Qd1 Ba6 10. Bxa6 Nxa6 11. Bg5 Qd7 12. Ne2 Qc6 13. 0-0 Kd7 14. f4 Raf8 15. f5 Ne7 16. Bxe7 Kxe7 17. fxe6 Kxe6 18. Nf4+ Kd7 19. Qf3 Rh6 20. Nxd5 Nb8 21. Rae1 Kd8 22. Nf4 Qxf3 23. Rxf3 Re8 24. Rg3 Rc6 25. Nxh5 g6 26. Nf4 Rc4 27. e6 Nd7 28. Ree3 fxe6 29. Rxe6 Rxe6 30. Nxe6+ Ke7 31. Nf4 Nf8 32. Nxg6+ Nxg6 33. Rxg6 Rxc3 34. h5 Kf7 35. Rg4 Rxc2 36. h6 Rc6 37. Rh4 Kg8 38. g4 Kh7 39. g5 Rg6 40. Rg4 Rd6 41. Kf2 Kg6 42. Kg3 c5 43. dxc5 bxc5 44. Kh4 Rd1 45. Ra4 Rd6 46. Re4 Ra6 47. Kg4 Rd6 48. Re8 Rd4+ 49. Kf3 Rd7 50. Rg8+ Kh7 51. Rc8 Kg6 52. Rxc5 Rd3+ 53. Kf4 Rxa3 54. Rc6+ Kh7 55. Rc7+ Kg6 1-0

[Event "American op 44th"]
[Site "Los Angeles"]
[Date "2008.11.27"]
[Round "2"]
[White "Adamson, Robby"]
[Black "Paulsen, Bryan S"]
[Result "1/2-1/2"]
[WhiteElo "2324"]
[BlackElo "2136"]
[PlyCount "118"]
[EventDate "2008.11.27"]
[EventType "swiss"]
[EventRounds "8"]
[EventCountry "USA"]
[SourceTitle "EXT 2024"]
[Source "ChessBase"]
[SourceDate "2023.10.10"]
[SourceVersion "1"]
[SourceVersionDate "2023.10.10"]
[SourceQuality "1"]

1. e4 d6 2. d4 g6 3. Nc3 Bg7 4. Be3 a6 5. Nf3 b5 6. Bd3 Bb7 7. e5 Nd7 8. e6 fxe6 9. Ng5 Nf8 10. 0-0 Qd7 11. a4 b4 12. Nce4 Nf6 13. Qf3 Rb8 14. Rfe1 h6 15. Nh3 g5 16. Nxf6+ exf6 17. Qh5+ Qf7 18. Qe2 a5 19. Bd2 f5 20. c3 bxc3 21. bxc3 Bc6 22. Bc4 Kd7 23. f3 Bf6 24. Nf2 Rh7 25. Qd3 Bh8 26. Bb5 Bxb5 27. axb5 Ra8 28. Qc4 Kd8 29. Qc6 Rb8 30. Rxa5 Qd7 31. Qc4 Ke7 32. Nd3 Kf6 33. Nb4 Ng6 34. Nc6 Rb6 35. Qd3 Ne7 36. Nxe7 Rxe7 37. c4 Kg6 38. Ra7 d5 39. cxd5 Qxd5 40. Be3 Rxb5 41. Bf2 Rb4 42. Qa3 Qd6 43. Qa6 Qxa6 44. Rxa6 Kf7 45. d5 Bd4 46. Bxd4 Rxd4 47. Raxe6 Rxe6 48. Rxe6 Rxd5 49. Rxh6 c5 50. h4 gxh4 51. Rxh4 Ke6 52. Rc4 Kd6 53. g4 fxg4 54. fxg4 Re5 55. Kf2 Kd5 56. Rc1 c4 57. Re1 Rg5 58. Kf3 Rg8 59. Rd1+ Kc5 1/2-1/2

[Event "Western States op"]
[Site "Reno"]
[Date "2002.10.19"]
[Round "4"]
[White "Paulsen, Bryan S"]
[Black "Lynch, Mark"]
[Result "1-0"]
[WhiteElo "2068"]
[BlackElo "1650"]
[PlyCount "59"]
[EventDate "2002.10.18"]
[EventType "swiss"]
[EventRounds "6"]
[EventCountry "USA"]
[SourceTitle "EXT 2009"]
[Source "ChessBase"]
[SourceDate "2008.11.26"]
[SourceVersion "1"]
[SourceVersionDate "2008.11.26"]
[SourceQuality "1"]

1. Nf3 Nf6 2. c4 g6 3. Nc3 Bg7 4. e4 d6 5. d4 0-0 6. Be2 e5 7. Be3 Nc6 8. d5 Ne7 9. Nd2 Ne8 10. c5 f5 11. f3 f4 12. Bf2 g5 13. Nc4 Ng6 14. Rc1 Rf7 15. cxd6 cxd6 16. Nb5 Bf8 17. 0-0 Nf6 18. Nxa7 Rxa7 19. Bxa7 g4 20. Bf2 g3 21. hxg3 fxg3 22. Bxg3 Nh5 23. Bh2 Qg5 24. g4 b5 25. Nxe5 dxe5 26. Rxc8 Qe3+ 27. Kh1 Nhf4 28. Rc2 Nh3 29. Bxb5 Ngf4 30. d6 1-0

[Event "Western States op"]
[Site "Reno"]
[Date "2002.10.18"]
[Round "1"]
[White "Andrianov, Nikolai Ivanovich"]
[Black "Paulsen, Bryan S"]
[Result "1-0"]
[WhiteElo "2389"]
[BlackElo "2068"]
[PlyCount "135"]
[EventDate "2002.10.18"]
[EventType "swiss"]
[EventRounds "6"]
[EventCountry "USA"]
[SourceTitle "EXT 2009"]
[Source "ChessBase"]
[SourceDate "2008.11.26"]
[SourceVersion "1"]
[SourceVersionDate "2008.11.26"]
[SourceQuality "1"]

1. d4 e6 2. g3 c5 3. Nf3 b6 4. d5 Bb7 5. Nc3 Nf6 6. Bg5 h6 7. Bxf6 Qxf6 8. Bg2 a6 9. 0-0 Be7 10. e4 d6 11. e5 dxe5 12. Nh4 g5 13. dxe6 Bxg2 14. exf7+ Qxf7 15. Nxg2 0-0 16. Qd5 Ra7 17. Ne3 Rd7 18. Qxf7+ Kxf7 19. Nc4 Nc6 20. Nxb6 Rd2 21. Rac1 Nd4 22. Nc4 Rxc2 23. Rxc2 Nxc2 24. Nxe5+ Ke6 25. Ng6 Rd8 26. Rc1 Rd2 27. Nxe7 Kxe7 28. Ne4 Nd4 29. Nxd2 Ne2+ 30. Kf1 Nxc1 31. Nb3 Nxa2 32. Nxc5 Nb4 33. Ke2 Kd6 34. Nd3 Nd5 35. f4 gxf4 36. gxf4 Ke6 37. Kf3 Kf5 38. b4 h5 39. Kg3 Nc3 40. Nc5 Ne2+ 41. Kh4 Nxf4 42. Nxa6 Kg6 43. Nc7 Ng2+ 44. Kg3 Ne3 45. b5 Nc4 46. Nd5 Nd6 47. b6 Kg5 48. Ne3 Ne4+ 49. Kh3 Nd6 50. Nc4 Nb7 51. Kg3 Kf5 52. Kh4 Kg6 53. Ne5+ Kh6 54. Nd3 Nd6 55. Nc5 Nf5+ 56. Kh3 Nd4 57. b7 Nc6 58. Nd7 Kh7 59. b8Q Nxb8 60. Nxb8 h4 61. Kxh4 Kh8 62. Kg5 Kh7 63. Nd7 Kh8 64. Kg6 Kg8 65. h4 Kh8 66. h5 Kg8 67. h6 Kh8 68. Ne5 1-0